|
|
|
|
| LEADER |
00000cam a2200000 c 4500 |
| 001 |
1350368601 |
| 003 |
DE-627 |
| 005 |
20220527140933.0 |
| 007 |
tu |
| 008 |
080507s2007 xx ||||| m 00| ||eng c |
| 024 |
8 |
|
|a 3269640
|q Order no.
|
| 035 |
|
|
|a (DE-627)1350368601
|
| 035 |
|
|
|a (DE-576)280368607
|
| 035 |
|
|
|a (DE-599)BSZ280368607
|
| 040 |
|
|
|a DE-627
|b ger
|c DE-627
|e rakwb
|
| 041 |
|
|
|a eng
|
| 100 |
1 |
|
|a Trammell, Rebecca
|4 aut
|
| 109 |
|
|
|a Trammell, Rebecca
|
| 245 |
1 |
0 |
|a Accounts of violence and social control
|b organized violence and negotiated order in California prisons
|c by Rebecca Trammell
|
| 264 |
|
1 |
|c 2007
|
| 300 |
|
|
|a XV, 178 S.
|
| 336 |
|
|
|a Text
|b txt
|2 rdacontent
|
| 337 |
|
|
|a ohne Hilfsmittel zu benutzen
|b n
|2 rdamedia
|
| 338 |
|
|
|a Band
|b nc
|2 rdacarrier
|
| 502 |
|
|
|a Irvine, Univ. of California, Diss., 2007
|
| 583 |
1 |
|
|a Archivierung prüfen
|c 20200919
|f DE-640
|z 1
|2 pdager
|
| 655 |
|
7 |
|a Hochschulschrift
|0 (DE-588)4113937-9
|0 (DE-627)105825778
|0 (DE-576)209480580
|2 gnd-content
|
| 751 |
|
|
|a Irvine, Calif.
|0 (DE-588)4243506-7
|0 (DE-627)104841257
|0 (DE-576)210455209
|4 uvp
|
| 935 |
|
|
|a mkri
|
| 951 |
|
|
|a BO
|
| ELC |
|
|
|b 1
|
| LOK |
|
|
|0 000 xxxxxcx a22 zn 4500
|
| LOK |
|
|
|0 001 2570268690
|
| LOK |
|
|
|0 003 DE-627
|
| LOK |
|
|
|0 004 1350368601
|
| LOK |
|
|
|0 005 20080507150849
|
| LOK |
|
|
|0 008 080507||||||||||||||||ger|||||||
|
| LOK |
|
|
|0 040
|a DE-Frei85
|c DE-627
|d DE-Frei85
|
| LOK |
|
|
|0 852
|z Kopie, erschienen im Verlag Univ. Microfilms international, Ann Arbor, 2008
|
| LOK |
|
|
|0 852
|a DE-Frei85
|
| LOK |
|
|
|0 852 1
|m p
|9 00
|
| LOK |
|
|
|0 938
|k p
|
| LOK |
|
|
|0 939
|a 07-05-08
|b l01
|
| ORI |
|
|
|a SA-MARC-krimdoka001.raw
|